Russia... or Ukraine? - Statistics

General Stats
  • This quiz has been taken 151 times
  • The average score is 17 of 20
Answer Stats
Question Answer % Correct
Is larger Russia
100%
Has yellow color on its flag Ukraine
100%
Has territory in Asia Russia
99%
Has higher population Russia
96%
Lviv is located in Ukraine
96%
Is currently at war (as of 2024) Both
94%
Was formerly part of USSR Both
93%
Has longer coastline Russia
93%
Borders Romania Ukraine
88%
Vladimir Lenin was born in (modern borders) Russia
87%
Has less than 100 million inhabitants Ukraine
85%
Is considered to be a Slavic country Both
84%
Has been called "Breadbasket of Europe" Ukraine
82%
Borders Black sea Both
81%
Controlled Crimea at one point in history Both
81%
Has hosted the FIFA World Cup Russia
81%
Andriy Shevchenko played for Ukraine
75%
Its capital is also its most populous city Both
74%
Maria Sharapova is one of the most famous tennis players from Russia
68%
Mila Kunis was born in (modern borders) Ukraine
66%
No matching quizzes found
Score Distribution
Percent of People with Each Score
Percentile by Number Answered
Your Score History
You have not taken this quiz